[Event "Chess House GM December 2019"]
[Site "Aarhus"]
[Date "2019.12.15"]
[Round "7.3"]
[White "Pakleza, Zbigniew"]
[Black "Ochsner, Bjorn Moller"]
[Result "1-0"]
[WhiteElo "2503"]
[BlackElo "2492"]
[Annotator "TA"]
[PlyCount "91"]
[EventDate "2019.12.11"]
[EventType "tourn"]
[EventCountry "DEN"]
[SourceTitle "playchess.com"]
[Source "ChessBase"]
[SourceQuality "1"]

{[%evp 12,91,19,-11,-2,-12,30,0,0,0,0,0,14,0,0,0,0,0,55,61,35,29,136,31,62,0,62,45,47,51,52,47,58,38,47,36,31,31,66,51,55,0,49,19,19,19,58,27,49,47,54,27,177,42,54,46,54,51,115,16,107,0,77,0,94,12,975,892,962,981,889,874,1247,1199,29975,29976,29984,29984,29984,29985,29985,29986]} 1. Nf3 c5 2. c4 Nc6 3. Nc3 e5 4. g3 g6 5. Bg2 Bg7 6. O-O Nge7 7. Ne1 d6 {A37: Symmetrical English vs ...g6: 4 Bg2 Bg7 5 Nf3} (7... O-O 8. Nc2 Rb8 9. a3 a6 10. b4 cxb4 11. axb4 b5 12. c5 a5 13. Ba3 d5 14. cxd6 Qxd6 15. bxa5 b4 16. Ne4 {½-½ (133) Iturrizaga Bonelli,E (2637)-Jones,G (2691) chess.com INT 2019}) 8. Nc2 h5 9. Ne3 h4 {The position is equal.} 10. d3 Be6 11. Ned5 Qd7 12. Bg5 $146 ({Predecessor:} 12. e3 Bh3 13. Qf3 Bg4 14. Nf6+ Bxf6 15. Qxf6 Rh7 16. Ne4 O-O-O 17. f3 {½-½ (42) Vezzosi,P (2381)-Scalcione,M (2387) Arvier 2009}) 12... Bh3 {And now ...hxg3 would win.} 13. gxh4 Bxg2 14. Kxg2 Nf5 (14... O-O-O $11) 15. Kh1 Nxh4 {( -> ...Qh3!)} 16. Rg1 {Qa4 is the strong threat.} Kf8 (16... Nf5 $11) 17. Qf1 (17. e4 $1 $16) 17... Nf5 $14 18. e3 (18. f4 $14) 18... Nce7 (18... Nfe7 $11) 19. Qg2 Nxd5 20. Nxd5 Re8 21. Qg4 Re6 $1 22. Raf1 Nh6 23. Bxh6 Rxh6 24. f4 f5 25. Qg5 Rh5 26. Qg3 (26. Qg2 $14) 26... Ke8 27. Qf3 Kd8 28. Rg2 Qf7 29. Rfg1 {Threatens to win with Qxh5!} Rh6 30. b4 cxb4 31. Rb1 e4 (31... Kc8 $11 {and Black is okay.}) 32. dxe4 (32. Qd1 $1 $18) 32... Rxe4 33. Rxb4 Kc8 34. Qd1 {Hoping for Qb3.} Qd7 (34... Rh3 $14) 35. Qb3 ({White should try} 35. a4 $1 $16) 35... Re8 (35... Bd4 $11 {keeps the balance.}) 36. Ra4 (36. Kg1 $16) 36... Kb8 (36... Bd4 $1 $11) 37. Qa3 ({White should play} 37. Kg1 $16) 37... a6 (37... Bd4 $1 $11 {remains equal.}) 38. Qb3 $40 {[%mdl 128] Black needs to defend precisely.} ({Better is} 38. Rb4 $16 {Strongly threatening Qxa6.} Qc6 39. Rb6 Qxc4 40. Qxd6+ {[%mdl 64] Double Attack} Ka7 {[#]} 41. Rxb7+ $1 {[%mdl 576] Decoy} Kxb7 42. Qd7+ {[%mdl 64] Double Attack} Kb8 43. Qxe8+ Qc8 44. Qxc8+ Kxc8 45. Rxg6 $3 {[%mdl 576] Decoy} Rxg6 46. Ne7+ {[%mdl 64] Double Attack} Kd7 47. Nxg6) 38... Re4 $2 {[%mdl 8192]} (38... Bd4 $11) 39. Rxa6 $18 {Qb6! would kill now.} Bd4 40. exd4 {White wants to mate with Qb6!} Re1+ 41. Rg1 Re2 42. h3 Qh7 43. Ra3 {White mates.} Rxa2 44. Rg3 Rxa3 45. Qxa3 g5 46. Re3 {Accuracy: White = 46%, Black = 34%.} 1-0

[Event "Chess House GM December 2019"]
[Site "Aarhus"]
[Date "2019.12.15"]
[Round "7.4"]
[White "Vinter-Schou, Uffe"]
[Black "Smith, Axel"]
[Result "1/2-1/2"]
[WhiteElo "2359"]
[BlackElo "2470"]
[Annotator "TA"]
[PlyCount "152"]
[EventDate "2019.12.11"]
[EventType "tourn"]
[EventCountry "DEN"]
[SourceTitle "playchess.com"]
[Source "ChessBase"]
[SourceQuality "1"]

{[%evp 14,152,29,15,46,52,52,40,50,-1,49,56,48,45,72,62,78,60,76,64,71,31,47,20,56,47,43,28,21,21,26,22,27,0,56,52,65,53,83,0,0,0,70,17,28,15,43,0,0,0,8,0,0,0,0,0,27,21,18,22,24,25,33,9,38,38,51,47,47,44,44,42,44,59,59,29,26,33,41,22,64,69,59,37,108,89,101,18,18,17,39,14,90,105,92,93,81,14,149,149,146,39,46,14,14,0,0,0,0,0,42,42,25,14,14,14,14,0,0,0,0,0,0,0,14,14,14,14,14,14,14,14,14,14,14,0,59,0,0,0,0]} 1. e4 e5 2. Nf3 Nc6 3. Bc4 Nf6 4. Ng5 d5 5. exd5 Na5 6. Bb5+ Bd7 7. Qe2 Be7 8. Nc3 O-O {C58: Two Knights: 4 Ng5 d5 5 exd5 Na5 sidelines} (8... Bxb5 9. Qxb5+ c6 10. dxc6 Nxc6 11. Nf3 O-O 12. d3 Nd4 13. Nxd4 exd4 14. Ne2 Rc8 15. Qb3 Qa5+ 16. Bd2 {½-½ (24) Short,N (2683)-Postny,E (2606) Kishinev 2017}) 9. Bxd7 Qxd7 10. O-O ({Of course not} 10. Qxe5 Bd6 $15) 10... Rfe8 {White is slightly better.} 11. d3 Nxd5 $146 12. Qxe5 Nxc3 13. Qxc3 Nc6 14. Nf3 Bf6 15. Qc4 a6 16. a4 b5 17. Qf4 b4 18. Qc4 Qe6 19. Qxe6 Rxe6 20. Bd2 Bxb2 21. Rab1 Ba3 22. Be3 Ne5 {[#] And now ...Nxf3+ would win.} 23. Nd4 Ree8 (23... Rf6 $11) 24. Nb3 $14 Ng4 25. Bc5 Re2 26. Nd4 Re5 27. Nb3 $1 Re2 $1 28. f3 (28. h3 $14 Nf6 29. Nd4) 28... Nf6 $1 $11 29. Rf2 Ree8 30. Nd2 Nd5 $1 31. Nc4 Nc3 32. Ra1 Nxa4 33. Bd4 Rad8 34. Be5 c5 35. Nxa3 bxa3 36. Rxa3 Rxe5 37. Rxa4 {[%mdl 4096] Endgame KRR-KRR} Rd6 38. Rf1 Rb6 39. Rfa1 Ree6 40. Rc4 Rec6 41. Re1 {[%cal Re1e8]} f6 42. Re7 h5 43. Kf2 Rb4 44. Rce4 c4 45. d4 Rb2 $1 46. Re2 Rd6 47. c3 Rdb6 48. Rc7 $1 Rxe2+ (48... a5 $14) 49. Kxe2 $14 {KR-KR} Rb2+ {[#]} 50. Kf1 (50. Ke3 $1 $16) 50... Rc2 $11 51. Rxc4 a5 52. d5 Rd2 (52... g6 $11) 53. Rc8+ $16 Kf7 54. Rc7+ Ke8 55. c4 (55. Rxg7 $16 Rxd5 56. h4) 55... a4 (55... g5 $11 {remains equal.}) 56. Ra7 ({Not} 56. Rxg7 $2 a3 $19) 56... Ra2 57. Ke1 ({White should play} 57. c5 $16) 57... Rxg2 58. Rxa4 Rxh2 59. Ra8+ Ke7 60. c5 {Threatens to win with d6+.} Rc2 61. Ra7+ Ke8 62. c6 h4 $1 63. Rxg7 h3 {Hoping for ...h2.} 64. Rh7 {Black must now prevent c7.} h2 65. Kf1 Kd8 66. c7+ (66. f4 {looks sharper.} Ke8 67. f5 Kd8 68. Rd7+ Kc8 69. Rh7) 66... Rxc7 67. Rxh2 Rc5 68. Rh5 Ke7 69. Kf2 Kd6 70. Rf5 $1 Rxd5 71. Rxf6+ Ke7 72. Rf4 Ke6 73. Ke3 Re5+ 74. Re4 {Threatening mate with Kf4.} Kf5 (74... Kd5 $11) 75. Kd4 ({Better is} 75. Rxe5+ $14 Kxe5 76. f4+ Kf6 77. Kf3) 75... Rxe4+ $11 76. fxe4+ Ke6 {Accuracy: White = 53%, Black = 56%.} 1/2-1/2

[Event "Chess House GM December 2019"]
[Site "Aarhus"]
[Date "2019.12.15"]
[Round "7.5"]
[White "Vasli, Aref"]
[Black "Jacobsen, Mikkel Manosri"]
[Result "0-1"]
[WhiteElo "2413"]
[BlackElo "2348"]
[Annotator "NA"]
[PlyCount "64"]
[EventDate "2019.12.11"]
[EventType "tourn"]
[EventCountry "DEN"]
[SourceTitle "playchess.com"]
[Source "ChessBase"]
[SourceQuality "1"]
[TimeControl "40/5400+30:1800+30"]

1. e4 {[%emt 0:00:00]} c6 {[%emt 0:00:00]} 2. d4 {[%emt 0:00:00]} d5 {[%emt 0:00:00]} 3. exd5 {[%emt 0:00:00]} cxd5 {[%emt 0:00:00]} 4. c4 {[%emt 0:00:01]} Nf6 {[%emt 0:00:00]} 5. Nc3 {[%emt 0:00:07]} Nc6 {[%emt 0:00:00]} 6. Bg5 {[%emt 0:00:13]} Be6 {[%emt 0:00:12]} 7. a3 {[%emt 0:00:16]} Qd7 {[%emt 0:00:48]} 8. Nf3 {[%emt 0:00:10]} Ne4 {[%emt 0:04:15]} 9. cxd5 {[%emt 0:16:09]} Bxd5 {[%emt 0:01:48]} 10. Be3 {[%emt 0:01:22]} Nxc3 {[%emt 0:03:13]} 11. bxc3 {[%emt 0:00:08]} g6 {[%emt 0:00:43]} 12. Be2 {[%emt 0:03:28]} Bg7 {[%emt 0:00:22]} 13. O-O {[%emt 0:00:23]} O-O {[%emt 0:00:16]} 14. c4 {[%emt 0:08:42]} Bxf3 {[%emt 0:08:05]} 15. Bxf3 {[%emt 0:00:05]} Nxd4 {[%emt 0:04:17]} 16. Bxd4 {[%emt 0:00:07]} Bxd4 {[%emt 0:00:44]} 17. Rb1 {[%emt 0:04:14]} Rab8 {[%emt 0:00:28]} 18. Rb5 {[%emt 0:06:03]} e6 {[%emt 0:00:52]} 19. Qb1 {[%emt 0:00:26]} Qe7 {[%emt 0:04:43]} 20. Rxb7 {[%emt 0:12:42]} Rxb7 {[%emt 0:00:45]} 21. Qxb7 {[%emt 0:00:03]} Qxa3 {[%emt 0:02:45]} 22. Qc7 {[%emt 0:04:25]} Qc3 {[%emt 0:03:05]} 23. Rd1 {[%emt 0:04:43]} Bb6 {[%emt 0:01:05]} 24. Qf4 {[%emt 0:11:42]} Qc2 {[%emt 0:01:25]} 25. Rf1 {[%emt 0:02:11]} Rc8 {[%emt 0:00:56]} 26. Bb7 {[%emt 0:07:53]} Qxc4 {[%emt 0:05:20]} 27. Qf3 {[%emt 0:02:06]} Rc5 {[%emt 0:04:24]} 28. g3 {[%emt 0:00:29]} Rf5 {[%emt 0:00:52]} 29. Qa3 {[%emt 0:00:29]} Qe2 {[%emt 0:00:58]} 30. Kg2 {[%emt 0:01:17]} Rxf2+ {[%emt 0:01:21]} 31. Rxf2 {[%emt 0:00:07]} Qxf2+ {[%emt 0:00:07]} 32. Kh1 {[%emt 0:02:26]} Qg1# {[%emt 0:00:04]} 0-1

[Event "Chess House GM December 2019"]
[Site "Aarhus"]
[Date "2019.12.16"]
[Round "8.1"]
[White "Thybo, Jesper Sondergaard"]
[Black "Vasli, Aref"]
[Result "1-0"]
[WhiteElo "2576"]
[BlackElo "2413"]
[Annotator "ChessBase"]
[PlyCount "85"]
[EventDate "2019.12.11"]
[EventType "tourn"]
[EventCountry "DEN"]
[SourceTitle "playchess.com"]
[Source "ChessBase"]
[SourceQuality "1"]
[TimeControl "40/5400+30:1800+30"]

1. d4 {[%emt 0:00:00]} Nf6 {[%emt 0:00:00]} 2. c4 {[%emt 0:00:00]} e6 {[%emt 0:00:00]} 3. Nf3 {[%emt 0:00:00]} c5 {[%emt 0:00:00]} 4. d5 {[%emt 0:00:00]} exd5 {[%emt 0:00:02]} 5. cxd5 {[%emt 0:00:00]} d6 {[%emt 0:00:09]} 6. Nc3 {[%emt 0:00:00]} g6 {[%emt 0:00:08]} 7. h3 {[%emt 0:00:11]} a6 {[%emt 0:01:46]} 8. a4 {[%emt 0:00:12]} Qe7 {[%emt 0:01:51]} 9. Bf4 {[%emt 0:00:25]} Bg7 {[%emt 0:00:32]} 10. Nd2 {[%emt 0:01:40]} O-O {[%emt 0:13:14]} 11. Nc4 {[%emt 0:02:14]} Rd8 {[%emt 0:03:29]} 12. e3 {[%emt 0:01:25]} Ne8 {[%emt 0:01:46]} 13. Be2 {[%emt 0:06:41]} Nd7 {[%emt 0:01:30]} 14. O-O {[%emt 0:00:43]} Ne5 {[%emt 0:09:45]} 15. Nb6 {[%emt 0:09:30]} Rb8 {[%emt 0:00:06]} 16. e4 {[%emt 0:06:57]} Nd7 {[%emt 0:19:24]} 17. Nc4 {[%emt 0:00:10]} Ne5 {[%emt 0:00:05]} 18. Ne3 {[%emt 0:07:58]} b5 {[%emt 0:14:36]} 19. axb5 {[%emt 0:01:36]} axb5 {[%emt 0:00:02]} 20. Bxb5 {[%emt 0:03:09]} Nf6 {[%emt 0:02:05]} 21. Qe2 {[%emt 0:06:23]} Bd7 {[%emt 0:02:25]} 22. Bxe5 {[%emt 0:04:50]} Qxe5 {[%emt 0:02:57]} 23. Bxd7 {[%emt 0:00:06]} Rxd7 {[%emt 0:01:22]} 24. Nc4 {[%emt 0:00:38]} Qe8 {[%emt 0:06:34]} 25. Ra6 {[%emt 0:00:57]} Qf8 {[%emt 0:09:02]} 26. Rfa1 {[%emt 0:02:10]} Re8 {[%emt 0:00:50]} 27. Qf3 {[%emt 0:00:23]} Qe7 {[%emt 0:01:02]} 28. Re1 {[%emt 0:07:03]} Nh5 {[%emt 0:02:23]} 29. g4 {[%emt 0:02:44]} Nf6 {[%emt 0:02:00]} 30. e5 {[%emt 0:00:18]} dxe5 {[%emt 0:00:32]} 31. Rxe5 {[%emt 0:00:16]} Qd8 {[%emt 0:02:25]} 32. Rxe8+ {[%emt 0:00:38]} Nxe8 {[%emt 0:00:11]} 33. d6 {[%emt 0:00:34]} Qg5 {[%emt 0:03:31]} 34. Ra8 {[%emt 0:11:44]} Rd8 {[%emt 0:00:38]} 35. Qc6 {[%emt 0:01:12]} Bf8 {[%emt 0:00:14]} 36. d7 {[%emt 0:01:34]} Nc7 {[%emt 0:00:18]} 37. Rxd8 {[%emt 0:01:43]} Qxd8 {[%emt 0:00:02]} 38. Nd6 {[%emt 0:09:48]} Bxd6 {[%emt 0:00:46]} 39. Qxd6 {[%emt 0:00:14]} Ne6 {[%emt 0:00:12]} 40. Nd5 {[%emt 0:00:41]} Nf8 {[%emt 0:01:33]} 41. Qe7 {[%emt 0:33:59]} Ne6 {[%emt 0:30:30]} 42. Qe8+ {[%emt 0:00:06]} Kg7 {[%emt 0:00:12]} 43. Nf4 {[%emt 0:00:19]} 1-0

[Event "Chess House GM December 2019"]
[Site "Aarhus"]
[Date "2019.12.16"]
[Round "8.2"]
[White "Danielsen, Henrik"]
[Black "Ochsner, Bjorn Moller"]
[Result "1/2-1/2"]
[WhiteElo "2500"]
[BlackElo "2492"]
[Annotator "ChessBase"]
[PlyCount "81"]
[EventDate "2019.12.11"]
[EventType "tourn"]
[EventCountry "DEN"]
[SourceTitle "playchess.com"]
[Source "ChessBase"]
[SourceQuality "1"]
[TimeControl "40/5400+30:1800+30"]

1. Nf3 {[%emt 0:00:00]} c5 {[%emt 0:00:09]} 2. c3 {[%emt 0:00:01]} Nf6 {[%emt 0:06:12]} 3. d4 {[%emt 0:01:29]} e6 {[%emt 0:01:10]} 4. g3 {[%emt 0:00:26]} Nc6 {[%emt 0:10:41]} 5. Bg2 {[%emt 0:00:36]} d5 {[%emt 0:00:23]} 6. O-O {[%emt 0:00:08]} cxd4 {[%emt 0:12:33]} 7. cxd4 {[%emt 0:00:22]} Be7 {[%emt 0:00:31]} 8. Nc3 {[%emt 0:00:07]} O-O {[%emt 0:00:19]} 9. Bg5 {[%emt 0:01:30]} h6 {[%emt 0:03:19]} 10. Bxf6 {[%emt 0:00:42]} Bxf6 {[%emt 0:00:06]} 11. a3 {[%emt 0:00:52]} b6 {[%emt 0:03:05]} 12. b4 {[%emt 0:00:18]} Bb7 {[%emt 0:00:45]} 13. Rc1 {[%emt 0:05:10]} Rc8 {[%emt 0:03:59]} 14. e3 {[%emt 0:00:30]} Ne7 {[%emt 0:08:13]} 15. Qb3 {[%emt 0:06:55]} Nf5 {[%emt 0:02:04]} 16. Rfd1 {[%emt 0:01:06]} Nd6 {[%emt 0:02:35]} 17. Nd2 {[%emt 0:01:05]} Rc7 {[%emt 0:07:03]} 18. Bf1 {[%emt 0:02:20]} Qe7 {[%emt 0:01:00]} 19. Nb5 {[%emt 0:02:39]} Nxb5 {[%emt 0:00:16]} 20. Bxb5 {[%emt 0:00:12]} Rfc8 {[%emt 0:00:19]} 21. Qb2 {[%emt 0:00:32]} e5 {[%emt 0:12:16]} 22. Nf3 {[%emt 0:00:33]} Rxc1 {[%emt 0:06:42]} 23. Rxc1 {[%emt 0:00:07]} Rxc1+ {[%emt 0:01:06]} 24. Qxc1 {[%emt 0:00:03]} exd4 {[%emt 0:00:40]} 25. Nxd4 {[%emt 0:00:08]} g6 {[%emt 0:03:26]} 26. h4 {[%emt 0:03:34]} Kg7 {[%emt 0:02:34]} 27. Qc3 {[%emt 0:00:27]} h5 {[%emt 0:03:43]} 28. Bf1 {[%emt 0:03:32]} Qd8 {[%emt 0:02:06]} 29. Bg2 {[%emt 0:02:30]} a5 {[%emt 0:00:37]} 30. bxa5 {[%emt 0:01:01]} bxa5 {[%emt 0:00:02]} 31. Qb3 {[%emt 0:00:21]} Qc7 {[%emt 0:02:42]} 32. Qb5 {[%emt 0:13:15]} Bc8 {[%emt 0:03:21]} 33. Bxd5 {[%emt 0:03:45]} Qc1+ {[%emt 0:01:38]} 34. Kg2 {[%emt 0:00:20]} Qxa3 {[%emt 0:00:43]} 35. Qc4 {[%emt 0:01:54]} Qd6 {[%emt 0:00:36]} 36. Bxf7 {[%emt 0:05:02]} Bb7+ {[%emt 0:00:22]} 37. f3 {[%emt 0:04:28]} Bxd4 {[%emt 0:00:30]} 38. exd4 {[%emt 0:00:19]} Bxf3+ {[%emt 0:00:07]} 39. Kxf3 {[%emt 0:00:28]} Qf6+ {[%emt 0:00:10]} 40. Kg2 {[%emt 0:02:40]} Qxf7 {[%emt 0:00:14]} 41. d5 {[%emt 0:30:06]} 1/2-1/2

[Event "Chess House GM December 2019"]
[Site "Aarhus"]
[Date "2019.12.16"]
[Round "8.3"]
[White "Smith, Axel"]
[Black "Svane, Frederik"]
[Result "1/2-1/2"]
[WhiteElo "2470"]
[BlackElo "2398"]
[Annotator "ChessBase"]
[PlyCount "81"]
[EventDate "2019.12.11"]
[EventType "tourn"]
[EventCountry "DEN"]
[SourceTitle "playchess.com"]
[Source "ChessBase"]
[SourceQuality "1"]
[TimeControl "40/5400+30:1800+30"]

1. d4 {[%emt 0:00:00]} d5 {[%emt 0:00:00]} 2. c4 {[%emt 0:00:00]} dxc4 {[%emt 0:00:37]} 3. e3 {[%emt 0:03:12]} Nf6 {[%emt 0:01:00]} 4. Bxc4 {[%emt 0:00:07]} e6 {[%emt 0:00:13]} 5. Nf3 {[%emt 0:00:26]} c5 {[%emt 0:00:19]} 6. O-O {[%emt 0:00:09]} a6 {[%emt 0:00:28]} 7. b3 {[%emt 0:12:06]} b5 {[%emt 0:10:34]} 8. Be2 {[%emt 0:00:02]} Nbd7 {[%emt 0:00:44]} 9. Bb2 {[%emt 0:01:35]} Bb7 {[%emt 0:02:37]} 10. a4 {[%emt 0:00:26]} bxa4 {[%emt 0:08:53]} 11. Rxa4 {[%emt 0:11:14]} cxd4 {[%emt 0:04:30]} 12. Bxd4 {[%emt 0:04:20]} Bc5 {[%emt 0:21:54]} 13. Nbd2 {[%emt 0:02:38]} O-O {[%emt 0:05:31]} 14. Qa1 {[%emt 0:00:48]} Bxd4 {[%emt 0:01:13]} 15. Nxd4 {[%emt 0:19:24]} Nc5 {[%emt 0:02:28]} 16. Ra5 {[%emt 0:02:47]} Nce4 {[%emt 0:00:27]} 17. Nxe4 {[%emt 0:00:55]} Nxe4 {[%emt 0:00:24]} 18. Bf3 {[%emt 0:06:38]} Qb6 {[%emt 0:03:13]} 19. Rc1 {[%emt 0:08:40]} h6 {[%emt 0:03:01]} 20. Re5 {[%emt 0:03:52]} Nd6 {[%emt 0:05:27]} 21. Bxb7 {[%emt 0:00:19]} Qxb7 {[%emt 0:00:01]} 22. Rec5 {[%emt 0:01:07]} Rfc8 {[%emt 0:01:59]} 23. Nc6 {[%emt 0:05:19]} Kh8 {[%emt 0:01:14]} 24. Qe5 {[%emt 0:00:51]} Ne8 {[%emt 0:02:59]} 25. Qc3 {[%emt 0:05:02]} Nf6 {[%emt 0:07:01]} 26. Qc2 {[%emt 0:00:20]} Rc7 {[%emt 0:09:30]} 27. Nd4 {[%emt 0:00:01]} Rxc5 {[%emt 0:00:19]} 28. Qxc5 {[%emt 0:00:00]} Kg8 {[%emt 0:00:50]} 29. h3 {[%emt 0:01:43]} Qd5 {[%emt 0:02:41]} 30. Kf1 {[%emt 0:03:58]} Qxc5 {[%emt 0:02:04]} 31. Rxc5 {[%emt 0:00:01]} a5 {[%emt 0:01:21]} 32. Rc4 {[%emt 0:00:55]} Rb8 {[%emt 0:01:27]} 33. Ra4 {[%emt 0:06:16]} Ne4 34. Rxa5 {[%emt 0:01:13]} Nd2+ {[%emt 0:01:00]} 35. Ke1 {[%emt 0:00:34]} Nxb3 {[%emt 0:00:08]} 36. Rb5 {[%emt 0:00:29]} Rxb5 {[%emt 0:00:05]} 37. Nxb5 {[%emt 0:00:02]} Nc5 {[%emt 0:00:12]} 38. Ke2 {[%emt 0:00:23]} Kf8 {[%emt 0:00:08]} 39. g4 {[%emt 0:00:52]} g5 {[%emt 0:00:55]} 40. f4 {[%emt 0:00:19]} Ke7 {[%emt 0:01:11]} 41. Kf3 {[%emt 0:30:54]} 1/2-1/2

[Event "Chess House GM December 2019"]
[Site "Aarhus"]
[Date "2019.12.16"]
[Round "8.5"]
[White "Olsen, Filip Boe"]
[Black "Uffe Vinther-Schou"]
[Result "0-1"]
[WhiteElo "2341"]
[BlackElo "2359"]
[Annotator "NA"]
[PlyCount "54"]
[EventDate "2019.12.11"]
[EventType "tourn"]
[EventCountry "DEN"]
[SourceTitle "playchess.com"]
[Source "ChessBase"]
[SourceQuality "1"]
[TimeControl "40/5400+30:1800+30"]

1. d4 {[%emt 0:00:00]} Nf6 {[%emt 0:01:27]} 2. c4 {[%emt 0:00:00]} e6 {[%emt 0:01:27]} 3. Nf3 {[%emt 0:00:09]} c5 {[%emt 0:00:23]} 4. d5 {[%emt 0:00:10]} exd5 {[%emt 0:00:42]} 5. cxd5 {[%emt 0:00:30]} Bd6 {[%emt 0:00:30]} 6. Nc3 {[%emt 0:00:30]} Bc7 {[%emt 0:00:30]} 7. e4 {[%emt 0:00:30]} d6 {[%emt 0:00:30]} 8. h3 {[%emt 0:00:30]} O-O {[%emt 0:00:30]} 9. Bd3 {[%emt 0:00:30]} a6 {[%emt 0:00:30]} 10. a4 {[%emt 0:00:30]} Re8 {[%emt 0:00:30]} 11. O-O {[%emt 0:00:30]} Nbd7 {[%emt 0:00:30]} 12. Bf4 {[%emt 0:00:30]} Nf8 {[%emt 0:00:30]} 13. Nd2 {[%emt 0:00:30]} Ng6 {[%emt 0:00:30]} 14. Bg3 {[%emt 0:00:30]} Rb8 {[%emt 0:00:30]} 15. a5 {[%emt 0:00:30]} Ne5 {[%emt 0:04:10]} 16. Bxe5 {[%emt 0:40:47]} Rxe5 {[%emt 0:00:07]} 17. Nc4 {[%emt 0:00:30]} Re8 {[%emt 0:14:15]} 18. e5 {[%emt 0:10:38]} Rxe5 {[%emt 0:00:11]} 19. Nxe5 {[%emt 0:00:21]} dxe5 {[%emt 0:00:01]} 20. Qf3 {[%emt 0:08:18]} Qd6 {[%emt 0:03:26]} 21. Rfd1 {[%emt 0:03:00]} Bd7 {[%emt 0:01:45]} 22. Bf5 {[%emt 0:05:42]} e4 {[%emt 0:10:53]} 23. Nxe4 {[%emt 0:12:02]} Qh2+ {[%emt 0:00:08]} 24. Kf1 {[%emt 0:00:10]} Bb5+ {[%emt 0:00:10]} 25. Rd3 {[%emt 0:01:17]} Nxe4 {[%emt 0:01:16]} 26. Bxh7+ {[%emt 0:03:03]} Kf8 {[%emt 0:00:06]} 27. Rad1 {[%emt 0:02:05]} Ng5 0-1

[Event "Chess House GM December 2019"]
[Site "Aarhus"]
[Date "2019.12.17"]
[Round "9.1"]
[White "Svane, Frederik"]
[Black "Olsen, Filip Boe"]
[Result "1-0"]
[WhiteElo "2398"]
[BlackElo "2341"]
[Annotator "ChessBase"]
[PlyCount "63"]
[EventDate "2019.12.11"]
[EventType "tourn"]
[EventCountry "DEN"]
[SourceTitle "playchess.com"]
[Source "ChessBase"]
[SourceQuality "1"]
[TimeControl "40/5400+30:1800+30"]

1. e4 {[%emt 0:00:00]} c5 {[%emt 0:00:00]} 2. Nc3 {[%emt 0:00:00]} d6 {[%emt 0:00:03]} 3. Nge2 {[%emt 0:00:03]} Nf6 {[%emt 0:00:45]} 4. g3 {[%emt 0:00:13]} g6 {[%emt 0:00:48]} 5. Bg2 {[%emt 0:00:11]} Bg7 {[%emt 0:00:13]} 6. O-O {[%emt 0:00:19]} O-O {[%emt 0:00:29]} 7. d3 {[%emt 0:00:09]} Nc6 {[%emt 0:00:08]} 8. h3 {[%emt 0:00:11]} Rb8 {[%emt 0:00:58]} 9. f4 {[%emt 0:01:06]} Nd7 {[%emt 0:10:43]} 10. a4 {[%emt 0:01:30]} a6 {[%emt 0:03:46]} 11. Nd5 {[%emt 0:00:22]} b5 {[%emt 0:03:18]} 12. axb5 {[%emt 0:00:05]} axb5 {[%emt 0:00:14]} 13. Ne3 {[%emt 0:00:32]} b4 {[%emt 0:11:25]} 14. c3 {[%emt 0:00:08]} bxc3 {[%emt 0:07:22]} 15. bxc3 {[%emt 0:00:06]} Nb6 {[%emt 0:09:29]} 16. f5 {[%emt 0:15:50]} Ne5 {[%emt 0:09:02]} 17. d4 {[%emt 0:14:25]} cxd4 {[%emt 0:02:16]} 18. cxd4 {[%emt 0:00:56]} Nec4 {[%emt 0:03:33]} 19. Ng4 {[%emt 0:00:13]} Kh8 {[%emt 0:16:48]} 20. Nh6 {[%emt 0:21:33]} Qe8 {[%emt 0:06:22]} 21. Rf2 {[%emt 0:02:53]} d5 {[%emt 0:03:23]} 22. Bf4 {[%emt 0:21:02]} dxe4 {[%emt 0:04:51]} 23. Bxb8 {[%emt 0:08:11]} Bxh6 {[%emt 0:00:10]} 24. Bf4 {[%emt 0:00:03]} Bxf4 {[%emt 0:01:38]} 25. Nxf4 {[%emt 0:01:06]} gxf5 {[%emt 0:01:08]} 26. d5 {[%emt 0:04:47]} f6 {[%emt 0:00:57]} 27. Qd4 {[%emt 0:00:52]} Rg8 {[%emt 0:00:01]} 28. Bf1 {[%emt 0:01:05]} Rxg3+ {[%emt 0:01:18]} 29. Kh2 {[%emt 0:00:41]} e3 {[%emt 0:01:07]} 30. Bxc4 {[%emt 0:01:03]} Nxc4 {[%emt 0:01:15]} 31. Qxc4 {[%emt 0:00:25]} Qg8 {[%emt 0:00:25]} 32. Rg2 {[%emt 0:00:17]} 1-0

[Event "Chess House GM December 2019"]
[Site "Aarhus"]
[Date "2019.12.17"]
[Round "9.2"]
[White "Ochsner, Bjorn Moller"]
[Black "Jacobsen, Mikkel Manosri"]
[Result "1-0"]
[WhiteElo "2492"]
[BlackElo "2348"]
[Annotator "TA"]
[PlyCount "81"]
[EventDate "2019.12.11"]
[EventType "tourn"]
[EventCountry "DEN"]
[SourceTitle "playchess.com"]
[Source "ChessBase"]
[SourceQuality "1"]

{[%evp 9,81,11,6,13,14,13,13,24,14,25,23,19,38,17,35,35,26,37,49,41,60,32,31,0,35,24,65,0,0,0,0,0,79,84,86,84,84,85,282,254,306,279,315,314,333,325,311,168,463,473,462,465,450,416,408,344,327,258,259,272,262,265,262,254,248,218,263,233,292,285,429,312,510,497]} 1. e4 c5 2. c3 Nf6 3. e5 Nd5 4. Nf3 e6 5. Bc4 d6 6. d4 {B22: Sicilian: 2 c3} Nc6 7. O-O Be7 (7... cxd4 8. cxd4 Be7 9. exd6 Bxd6 10. Nc3 O-O 11. Re1 h6 12. Bb3 Nf6 13. Ne5 Bc7 14. Be3 Bd7 15. Nxd7 Qxd7 16. d5 exd5 17. Nxd5 Nxd5 18. Qxd5 {1-0 (24) Vachier Lagrave,M (2779)-Grischuk,A (2775) Stavanger 2019}) 8. exd6 {The position is equal.} Qxd6 9. dxc5 Qxc5 10. Qe2 Nb6 11. Bd3 $146 ({Predecessor:} 11. Bb3 Qh5 12. Bf4 O-O 13. Re1 a5 {½-½ (69) Okhotnik,V (2453)-Wirig,A (2347) Nancy 2003}) 11... Qh5 12. Nbd2 O-O 13. Re1 Bd7 14. Nf1 f6 15. Ng3 Qf7 16. b4 Rfe8 17. h4 Bf8 18. Ne4 ({White should try} 18. Bd2 $14) 18... h6 $1 $11 19. b5 Na5 $1 20. c4 $36 {[%mdl 2048] Strongly threatening Bd2. Black is under pressure.} Rac8 (20... e5 $11) 21. c5 $1 $16 {[%cal Rc5b6]} Bxc5 22. Nxc5 Rxc5 {[#]} 23. Qe4 $1 {[%cal Re4h7] Qh7+ is the strong threat.} Rec8 $2 (23... Nbc4 $16) 24. Qh7+ $18 Kf8 25. Ba3 Nac4 26. Bb4 Nd6 {[#]} 27. Rac1 $1 {[%cal Rc1c5][%mdl 576] Pin} Na4 (27... Rxc1 28. Bxd6+) 28. Bxc5 (28. Rcd1 $142 {Black must now prevent Bc2.} Ke7 29. Bf1 (29. Bg6 Qg8 $16)) 28... Nxc5 $2 (28... Rxc5 29. h5 Qg8) 29. Bg6 Qg8 30. Qxg8+ Kxg8 31. Red1 Be8 32. Bxe8 Nxe8 33. Rd7 Nxd7 34. Rxc8 {[%mdl 4096] Endgame KRN-KNN} Kf7 35. Ra8 Nb6 36. Rxa7 Nd6 37. Ra3 e5 38. h5 Ke6 39. Nh4 Ne4 (39... Nd5 $142 40. Ra7 Nc7) 40. Rd3 Nd5 $2 {[#]} (40... f5 41. Rd8 Nd6) 41. Nf5 $1 {[%mdl 512] Accuracy: White = 73%, Black = 49%.} 1-0